| 000 | 00557nam a22001817a 4500 | ||
|---|---|---|---|
| 005 | 20170418160323.0 | ||
| 010 | _aENG-117856 | ||
| 020 |
_a9789351867357 _c400.00 |
||
| 035 | _a EN-101388 | ||
| 037 | _bDBAD/PUB | ||
| 082 | _aS | ||
| 100 | _aThakur,Chaudhary Ksaushal Kishore | ||
| 245 |
_aMassacre at midnight : _cby Chaudhary Ksaushal Kishore Thakur _ba novella of medieval intrigue/ |
||
| 260 |
_aNew Delhi _bPrabhat Prakashan _c2016 |
||
| 270 |
_a4/19 Asaf Ali Road, _bNew Delhi _e110002 |
||
| 300 |
_a149p. _c22 cm (Hb) |
||
| 942 |
_2ddc _cEN _hS _mTHA |
||
| 999 |
_c139018 _d139018 |
||